00285nam a2200121Ia 4500008004100000100001900041245003900060260002300099300000800122650001100130942000700141999001500148190216s9999||||xx |||||||||||||| ||und|| aBharucha Erach 0aText Book Of Environmental Studies bUniversities Press a276 aBotany cBK c1632d1632